00986nam a22002657a 4500003000900000008004100009020001800050040007100068082001900139245011900158260011100277300004200388440003500430500002900465650001500494650001500509650002400524650001200548650002600560650001100586650001200597650001200609710004200621710005700663AR-CdUCM190220b ||||| |||| 00| 0 spa d a9789972514722 aMUNICIPALIDAD PROVINCIAL DEL CUSCOcBIBLIOTECA MUNICIPAL DEL CUSCO a321.8/M97bM97 aLa actualidad política de los países andinos centrales en el gobierno de izquierda /cYusuke Murakami, editor. aLima :bInstituto de Estudios Peruanos, IEP,bCenter for Integrated Area Studies, Kyoto University,c2014. a125 páginas. :bdiagramas ;c21 cm. aSerie América Problema,n39. zIncluye bibliografías. aDemocracia aSocialismo aDerecha e izquierda aBolivia aPolítica y gobierno aPerú aEcuador aBolivia aInstituto de Estudios Peruanos (Lima) aKyoto University. Center for Integrated Area Studies